El periodismo electrónico: información y servicios multimedia en la era del ciberespacio

Збережено в:
Бібліографічні деталі
Автори: Armañanzas, Emy (Автор), Díaz Noci, Javier (Автор), Meso, Koldo (Автор)
Формат: Книга
Мова:Іспанська
Опубліковано: Barcelona Ariel 1996
Серія:Ariel Comunicación
Предмети:
Теги: Додати тег
Немає тегів, Будьте першим, хто поставить тег для цього запису!

MARC

LEADER 00000nam a2200000 a 4500
001 UCN8214
003 CL-VaPUC
008 011109e19960000SP |||||||||||||||||spa|d
082 0 4 |a 384.3  |b ARM  |2 21 
100 0 |a Armañanzas, Emy  |e author  |9 464477 
700 0 |a Díaz Noci, Javier  |e author  |9 464478 
700 0 |a Meso, Koldo  |e author  |9 464479 
245 1 3 |a El periodismo electrónico: información y servicios multimedia en la era del ciberespacio 
300 |a 249 p 
942 |c BK 
945 |d 20011109 00:00:00  |a cmena 
260 |a Barcelona  |b Ariel  |c 1996 
650 7 |a COMUNICACION ELECTRONICA  |2 CL-VaPUC  |9 464480 
650 0 |a Medios de comunicación  |9 257206 
650 7 |a PERIODISMO ELECTRONICO  |2 CL-VaPUC  |9 464481 
650 0 |a Internet   |9 254823 
650 0 |a Periódicos   |x Sitios web  |9 464482 
650 0 |a Revistas  |x Sitios web  |9 464483 
583 |a last modification  |c 20011109 00:00:00  |k Rodrigo Vera 
490 0 |a Ariel Comunicación 
999 |c 298240  |d 298238 
952 |0 0  |1 0  |4 0  |6 384_300000000000000_ARM_1996  |7 0  |8 A  |9 353722  |a BIBCUR  |b BIBCUR  |d 2019-11-21  |i 3769569  |o 384.3 ARM 1996  |p 3769569  |r 2025-04-22  |w 2019-11-21  |y BK  |k PER 
952 |0 0  |1 0  |4 0  |6 384_300000000000000_ARM_1996  |7 0  |8 A  |9 353723  |a BIBCUR  |b BIBCUR  |d 2019-11-21  |i 3769577  |o 384.3 ARM 1996  |p 3769577  |r 2025-04-22  |w 2019-11-21  |y BK  |k PER